[Event "WchT Blitz Final"]
[Site "London"]
[Date "2025.06.15"]
[Round "2.2"]
[White "Eljanov, Pavel"]
[Black "Kasimdzhanov, Rustam"]
[Result "1-0"]
[WhiteElo "2669"]
[BlackElo "2675"]
[PlyCount "112"]
[EventDate "2025.06.15"]
[EventType "team-k.o. (blitz)"]
[EventRounds "4"]
[EventCountry "ENG"]
[SourceTitle "CB25_2025"]
[SourceDate "2025.06.18"]
[SourceVersion "1"]
[SourceVersionDate "2025.06.18"]
[SourceQuality "1"]
[WhiteTeam "Ashdod Elit CC"]
[BlackTeam "Uzbekistan"]
[WhiteTeamCountry "ISR"]
[BlackTeamCountry "UZB"]

1. d4 d5 2. Nf3 c5 3. e3 Nf6 4. Be2 e6 5. 0-0 Nc6 6. a3 a6 7. dxc5 Bxc5 8. b4 Be7 9. Bb2 0-0 10. Nbd2 b5 11. Bd3 Bb7 12. Qe2 Qc7 13. e4 Rad8 14. e5 Nd7 15. Nb3 Nb6 16. Nbd4 Na4 17. Nxc6 Qxc6 18. Bd4 Nc3 19. Qe3 Ne4 20. Nd2 Rc8 21. Nb3 Bg5 22. Qe2 Qc7 23. f3 Nc3 24. Qe1 Na4 25. f4 Be7 26. f5 exf5 27. Bxf5 Rce8 28. Qg3 Bc8 29. Bd3 Be6 30. Rae1 Rc8 31. h4 Qd8 32. Rf4 Kh8 33. Ref1 Nc3 34. Nc5 Bxc5 35. Bxc5 Rxc5 36. bxc5 Qe7 37. Qe3 Na4 38. c6 Rc8 39. Bf5 Rc7 40. Qf3 Kg8 41. h5 h6 42. Qg4 Rxc6 43. Bxe6 Qxe6 44. Qxe6 Rxe6 45. Rxf7 Rxe5 46. g4 Nc5 47. Rf8+ Kh7 48. R1f5 Re4 49. Rxd5 Rxg4+ 50. Kf1 Ne6 51. Rb8 Ra4 52. Re5 Nf4 53. Rf8 Rc4 54. c3 Ra4 55. Kg1 Rc4 56. Kh2 Nd3 1-0

[Event "WchT Blitz Pool C"]
[Site "London"]
[Date "2025.06.14"]
[Round "3.3"]
[White "Kurbanbaev, Zalkar"]
[Black "Kasimdzhanov, Rustam"]
[Result "0-1"]
[WhiteElo "2119"]
[BlackElo "2675"]
[PlyCount "56"]
[EventDate "2025.06.14"]
[EventType "team-tourn"]
[EventRounds "13"]
[EventCountry "ENG"]
[SourceTitle "CB25_2025"]
[SourceDate "2025.06.18"]
[SourceVersion "1"]
[SourceVersionDate "2025.06.18"]
[SourceQuality "1"]
[WhiteTeam "KYR Youth"]
[BlackTeam "Uzbekistan"]
[WhiteTeamCountry "KGZ"]
[BlackTeamCountry "UZB"]

1. e4 e5 2. Nf3 Nc6 3. Bb5 a6 4. Ba4 Bc5 5. 0-0 Nge7 6. Nxe5 Nxe5 7. d4 b5 8. Bb3 Bxd4 9. Qxd4 d6 10. f4 c5 11. Qd2 Ng4 12. c4 0-0 13. Nc3 b4 14. Nd5 Nxd5 15. cxd5 Re8 16. Bc2 a5 17. h3 Nf6 18. Re1 Ra7 19. b3 Rae7 20. e5 dxe5 21. Bb2 Qxd5 22. Qxd5 Nxd5 23. fxe5 Nf4 24. Kh2 Bb7 25. g3 Ne6 26. Rad1 Ng5 27. Re3 Nf3+ 28. Kg2 Ne1+ 0-1

[Event "WchT Blitz Pool C"]
[Site "London"]
[Date "2025.06.14"]
[Round "8.4"]
[White "Pert, Richard G"]
[Black "Kasimdzhanov, Rustam"]
[Result "0-1"]
[WhiteElo "2416"]
[BlackElo "2675"]
[PlyCount "114"]
[EventDate "2025.06.14"]
[EventType "team-tourn"]
[EventRounds "13"]
[EventCountry "ENG"]
[SourceTitle "CB25_2025"]
[SourceDate "2025.06.18"]
[SourceVersion "1"]
[SourceVersionDate "2025.06.18"]
[SourceQuality "1"]
[WhiteTeam "e-therapeutics"]
[BlackTeam "Uzbekistan"]
[WhiteTeamCountry "ENG"]
[BlackTeamCountry "UZB"]

1. d4 d5 2. Nf3 c5 3. c4 e6 4. e3 Nf6 5. cxd5 exd5 6. Bb5+ Bd7 7. Bxd7+ Nbxd7 8. dxc5 Nxc5 9. 0-0 Be7 10. Bd2 0-0 11. Bc3 Nfe4 12. Bd4 Ne6 13. Be5 Rc8 14. Nc3 Nxc3 15. Bxc3 Qd7 16. Qe2 Rfd8 17. Rfd1 Qe8 18. Rac1 a6 19. h3 Bf8 20. Nd4 Nc5 21. Bb4 Ne6 22. Rxc8 Rxc8 23. Bxf8 Qxf8 24. Qf3 Rd8 25. Nxe6 fxe6 26. Qxf8+ Kxf8 27. Rc1 Ke7 28. Kf1 Kd6 29. Ke2 g5 30. Kd3 Rf8 31. Rc2 e5 32. f3 h5 33. a3 g4 34. hxg4 hxg4 35. fxg4 Rg8 36. Rf2 Rxg4 37. Rf6+ Kd7 38. Rb6 Kc7 39. Re6 Rxg2 40. b4 e4+ 41. Kd4 Rd2+ 42. Ke5 Rd3 43. a4 Rxe3 44. Kxd5 Ra3 45. a5 e3 46. Re7+ Kd8 47. Re4 Kd7 48. Kc5 Rb3 49. Kb6 e2 50. Kxb7 Rxb4+ 51. Rxb4 e1Q 52. Rb6 Qxa5 53. Rxa6 Qd5+ 54. Ka7 Kc7 55. Rb6 Qa5+ 56. Ra6 Qc5+ 57. Ka8 Qf8+ 0-1

[Event "Baku Blitz m"]
[Site "Baku"]
[Date "2025.04.30"]
[Round "5"]
[White "Kasimdzhanov, Rustam"]
[Black "Mamedov, Rauf"]
[Result "1/2-1/2"]
[WhiteElo "2678"]
[BlackElo "2657"]
[PlyCount "150"]
[EventDate "2025.04.30"]
[EventType "match (blitz)"]
[EventRounds "10"]
[EventCountry "AZE"]
[SourceTitle "CB18_2025"]
[SourceDate "2025.04.30"]
[SourceVersion "1"]
[SourceVersionDate "2025.04.30"]
[SourceQuality "1"]

1. c4 e6 2. g3 d5 3. Bg2 Nf6 4. Nf3 c5 5. 0-0 Nc6 6. cxd5 exd5 7. d4 Be7 8. b3 Ne4 9. Bb2 Bf6 10. e3 Bg4 11. h3 Bxf3 12. Bxf3 Ng5 13. Bg2 cxd4 14. exd4 0-0 15. Na3 Ne6 16. Nc2 Qb6 17. Qd2 Nexd4 18. Ne3 Rad8 19. Rfd1 Rfe8 20. Kh1 Qb5 21. Bf1 Qc5 22. Rac1 Qe7 23. Ng4 Nf5 24. Bxf6 gxf6 25. Qf4 h5 26. Qxf5 hxg4 27. Qxg4+ Kf8 28. Bb5 Qe4+ 29. Qxe4 dxe4 30. Kg2 Rxd1 31. Rxd1 Re5 32. Bxc6 bxc6 33. Rd7 a5 34. Rd6 Rc5 35. Rxf6 Rc2 36. a4 e3 37. Rf3 exf2 38. Rxf2 Rc3 39. Rf3 Rc2+ 40. Kf1 c5 41. Ke1 Ke7 42. Kd1 Rh2 43. g4 Ke6 44. Kc1 f6 45. Kb1 Ke5 46. Rc3 Kd4 47. Rc4+ Kd5 48. Rc3 Kd4 49. Rf3 Ke4 50. Rxf6 Rxh3 51. Kb2 Kd5 52. Rf5+ Kd4 53. Rf4+ Kd5 54. Rf8 Rg3 55. Rd8+ Kc6 56. Rg8 c4 57. Rc8+ Kd5 58. Rxc4 Rg2+ 59. Ka3 Rg1 60. Rf4 Kc6 61. Rf6+ Kb7 62. Rg6 Rg2 63. g5 Ka7 64. Rg8 Kb7 65. g6 Ka7 66. b4 Rg3+ 67. Kb2 axb4 68. a5 Kb7 69. Kc2 Ka7 70. Kb2 Kb7 71. g7 Ka7 72. a6 b3 73. Ka3 Rg1 74. Kxb3 Rg2 75. Kc4 Rg1 1/2-1/2

[Event "Baku Blitz m"]
[Site "Baku"]
[Date "2025.04.30"]
[Round "2"]
[White "Mamedov, Rauf"]
[Black "Kasimdzhanov, Rustam"]
[Result "0-1"]
[WhiteElo "2657"]
[BlackElo "2678"]
[PlyCount "119"]
[EventDate "2025.04.30"]
[EventType "match (blitz)"]
[EventRounds "10"]
[EventCountry "AZE"]
[SourceTitle "CB18_2025"]
[SourceDate "2025.04.30"]
[SourceVersion "1"]
[SourceVersionDate "2025.04.30"]
[SourceQuality "1"]

1. e4 e5 2. Nf3 Nc6 3. Bc4 Nf6 4. d3 Be7 5. Nc3 0-0 6. a4 d6 7. 0-0 Be6 8. Nd5 Bxd5 9. exd5 Nb4 10. d4 e4 11. Nd2 c6 12. dxc6 bxc6 13. c3 Nbd5 14. Re1 Nc7 15. Bf1 d5 16. f3 exf3 17. Nxf3 Ne6 18. Bd3 c5 19. dxc5 Bxc5+ 20. Kf1 Qc7 21. Bf5 Rad8 22. b4 Bd6 23. Be3 Bxh2 24. Qd3 Bg3 25. Re2 Ne4 26. Bxe4 dxe4 27. Qxe4 Qxc3 28. Rc1 Qb3 29. b5 Rfe8 30. Qc2 Qd5 31. Bxa7 Nf4 32. Rxe8+ Rxe8 33. Rd1 Qe6 34. Bf2 Bxf2 35. Kxf2 h6 36. Qd2 Qg4 37. Kf1 Re2 38. Qxe2 Nxe2 39. Kxe2 Qxa4 40. Nd4 Qc4+ 41. Ke3 Qc5 42. Rd3 f5 43. Rb3 Qb6 44. Rc3 Qd6 45. Kd3 Qg3+ 46. Kc4 Qxg2 47. b6 Qb7 48. Kc5 f4 49. Nc6 Qf7 50. Rd3 f3 51. Ne5 Qe7+ 52. Kd5 f2 53. Rf3 Qb7+ 54. Kc5 Qxf3 55. Nxf3 f1Q 56. Nd4 Qc1+ 57. Kd6 Qb2 58. Kc5 Qc3+ 59. Kd5 Qb4 60. Ke5 0-1

[Event "Baku Blitz m"]
[Site "Baku"]
[Date "2025.04.30"]
[Round "10"]
[White "Mamedov, Rauf"]
[Black "Kasimdzhanov, Rustam"]
[Result "1/2-1/2"]
[WhiteElo "2657"]
[BlackElo "2678"]
[PlyCount "84"]
[EventDate "2025.04.30"]
[EventType "match (blitz)"]
[EventRounds "10"]
[EventCountry "AZE"]
[SourceTitle "CB18_2025"]
[SourceDate "2025.04.30"]
[SourceVersion "1"]
[SourceVersionDate "2025.04.30"]
[SourceQuality "1"]

1. e4 d6 2. d4 Nf6 3. Nc3 g6 4. Be3 c6 5. Nf3 Bg7 6. Qd2 Bg4 7. Bh6 0-0 8. Bxg7 Kxg7 9. h4 Bxf3 10. gxf3 Nh5 11. 0-0-0 Nd7 12. f4 b5 13. Be2 b4 14. Nb1 Qa5 15. e5 Qxa2 16. Bxh5 gxh5 17. exd6 exd6 18. Qxb4 Rab8 19. Qc3 d5 20. b3 Kh8 21. Rhg1 Qa6 22. Rde1 Nf6 23. f3 Qb6 24. Rg5 Qb4 25. Rf5 Qd6 26. Qc5 Qxc5 27. dxc5 Nd7 28. Re7 Nxc5 29. Rxa7 Kg7 30. Nc3 Ne6 31. Ne2 Ra8 32. Rxa8 Rxa8 33. Re5 Ra1+ 34. Kd2 Rh1 35. Ng3 Rh2+ 36. Ke3 Rxc2 37. f5 Nc5 38. Nxh5+ Kf8 39. Nf6 Kg7 40. Ne8+ Kf8 41. Nf6 Kg7 42. Ne8+ Kf8 1/2-1/2

[Event "Baku Rapid m"]
[Site "Baku"]
[Date "2025.04.28"]
[Round "3"]
[White "Kasimdzhanov, Rustam"]
[Black "Mamedov, Rauf"]
[Result "0-1"]
[WhiteElo "2678"]
[BlackElo "2657"]
[PlyCount "90"]
[EventDate "2025.04.28"]
[EventType "match (rapid)"]
[EventRounds "6"]
[EventCountry "AZE"]
[SourceTitle "CB18_2025"]
[SourceDate "2025.04.30"]
[SourceVersion "1"]
[SourceVersionDate "2025.04.30"]
[SourceQuality "1"]

1. e4 c5 2. a4 Nc6 3. Bb5 Nf6 4. d3 g6 5. f4 Bg7 6. Nf3 0-0 7. 0-0 Nd4 8. e5 Nd5 9. Bc4 Nxf3+ 10. Qxf3 Nb4 11. c3 Nc6 12. Be3 d6 13. d4 cxd4 14. cxd4 dxe5 15. dxe5 Be6 16. Bxe6 fxe6 17. Rd1 Qa5 18. Qe4 Qb4 19. Nc3 g5 20. fxg5 Qxb2 21. Rdc1 Qb4 22. Rab1 Qxe4 23. Nxe4 Nxe5 24. h3 b6 25. Rc7 Ng6 26. g3 Rf3 27. Bf2 Ra3 28. Rb4 Kf8 29. Rc2 Ne5 30. Kg2 Rd8 31. g6 h6 32. Rd4 Re8 33. Rc7 Nxg6 34. Rb4 Ne5 35. Bd4 Ra2+ 36. Rb2 Rxa4 37. Rf2+ Kg8 38. Rd2 Nc4 39. Rc2 Na3 40. Bxg7 Nxc2 41. Nc3 Rc4 42. Rxc4 Ne3+ 43. Kf3 Nxc4 44. Bxh6 Rd8 45. Ke2 a6 0-1

[Event "Bundesliga 2425"]
[Site "Germany"]
[Date "2024.10.05"]
[Round "1.7"]
[White "Kasimdzhanov, Rustam"]
[Black "Tabatabaei, Mohammad Amin"]
[Result "1-0"]
[WhiteElo "2685"]
[BlackElo "2714"]
[PlyCount "73"]
[EventDate "2024.09.28"]
[EventType "team-tourn"]
[EventRounds "15"]
[EventCountry "GER"]
[SourceTitle "EXT 2025"]
[Source "ChessBase"]
[SourceDate "2024.10.14"]
[SourceVersion "1"]
[SourceVersionDate "2024.10.14"]
[SourceQuality "1"]
[WhiteTeam "Baden-Baden"]
[BlackTeam "Bayern Muenchen"]
[WhiteTeamCountry "GER"]
[BlackTeamCountry "GER"]

1. e4 c5 2. a4 e6 3. f4 Nc6 4. Nf3 d5 5. d3 Be7 6. Be2 Nh6 7. 0-0 0-0 8. Ne5 Nd4 9. Nc3 f6 10. Nf3 Nxe2+ 11. Qxe2 d4 12. Nd1 Nf7 13. Nf2 b6 14. Bd2 Qd7 15. Nh1 f5 16. Ng3 g6 17. a5 b5 18. b4 Re8 19. Kh1 a6 20. bxc5 Bxc5 21. c3 dxc3 22. Bxc3 Bb7 23. Rab1 Rac8 24. Ba1 Bf8 25. Qb2 Qxd3 26. Rbd1 Qa3 27. Qf6 Qe7 28. Qb2 Rc4 29. exf5 Bxf3 30. gxf3 exf5 31. Nh5 Rc6 32. Nf6+ Rxf6 33. Qxf6 Qc7 34. Rg1 Bh6 35. Rde1 Qc8 36. Bc3 b4 37. Rxg6+ 1-0

[Event "Tashkent Kasimdzhanov Cup 2nd"]
[Site "Tashkent"]
[Date "2024.07.09"]
[Round "6"]
[White "Vakhidov, Jahongir"]
[Black "Kasimdzhanov, Rustam"]
[Result "0-1"]
[WhiteElo "2580"]
[BlackElo "2685"]
[PlyCount "132"]
[EventDate "2024.07.08"]
[EventType "tourn (rapid)"]
[EventRounds "9"]
[EventCountry "UZB"]
[EventCategory "18"]
[SourceTitle "CBM 221 Extra"]
[Source "ChessBase"]
[SourceDate "2024.09.30"]
[SourceVersion "1"]
[SourceVersionDate "2024.09.30"]
[SourceQuality "1"]

1. c4 e6 2. Nc3 d5 3. d4 c5 4. cxd5 exd5 5. Nf3 Nc6 6. g3 Nf6 7. Bg2 Be7 8. 0-0 0-0 9. Bg5 c4 10. e3 Be6 11. Ne5 Nd7 12. Bxe7 Nxe7 13. b3 Nxe5 14. dxe5 cxb3 15. axb3 Qc7 16. Qd4 a6 17. Rac1 Qa5 18. b4 Qd8 19. Na4 Nc6 20. Qb2 Qe7 21. Nc5 a5 22. b5 Nb4 23. Qd4 Bf5 24. e4 dxe4 25. Nxe4 Bxe4 26. Qxe4 b6 27. Qd4 Rab8 28. Qd6 Rfe8 29. f4 Qe6 30. Rfd1 Qb3 31. Kh1 g6 32. Rf1 Red8 33. Qc7 Nd5 34. Qc6 Ne7 35. Qf6 Nd5 36. Qc6 Ne7 37. Qe4 Qxb5 38. e6 f5 39. Qe3 Qd3 40. Qe5 Qd4 41. Qc7 Qd6 42. Qa7 Kf8 43. Rfe1 Rbc8 44. Rb1 Rc7 45. Qa6 Nc8 46. Qe2 Qe7 47. Rbd1 Re8 48. g4 Qg7 49. gxf5 gxf5 50. Rg1 Ne7 51. Rd7 Rc3 52. Bf3 Qf6 53. Qg2 a4 54. Bh5 Rec8 55. Bf7 Rc1 56. Rdd1 Rxd1 57. Rxd1 a3 58. Rg1 Qd4 59. h3 Qe4 60. Qxe4 fxe4 61. f5 a2 62. f6 Rc2 63. Rd1 Rd2 64. Rc1 Rb2 65. fxe7+ Kxe7 66. Rc7+ Kf6 0-1

[Event "Tashkent Kasimdzhanov Cup 2nd"]
[Site "Tashkent"]
[Date "2024.07.08"]
[Round "4"]
[White "Kasimdzhanov, Rustam"]
[Black "Grischuk, Alexander"]
[Result "1/2-1/2"]
[WhiteElo "2685"]
[BlackElo "2719"]
[PlyCount "67"]
[EventDate "2024.07.08"]
[EventType "tourn (rapid)"]
[EventRounds "9"]
[EventCountry "UZB"]
[EventCategory "18"]
[SourceTitle "CBM 221 Extra"]
[Source "ChessBase"]
[SourceDate "2024.09.30"]
[SourceVersion "1"]
[SourceVersionDate "2024.09.30"]
[SourceQuality "1"]

1. e4 e5 2. Nf3 Nc6 3. Bb5 a6 4. Ba4 Nge7 5. c3 Ng6 6. 0-0 d5 7. d3 Be7 8. Nbd2 0-0 9. Re1 Be6 10. Nf1 b5 11. Bb3 Na5 12. Bxd5 Bxd5 13. exd5 Qxd5 14. Ne3 Qd7 15. d4 exd4 16. Nxd4 Rad8 17. Qf3 Rfe8 18. Nef5 Bf6 19. Rxe8+ Rxe8 20. Be3 Nc4 21. Qb7 Ne7 22. Nxe7+ Qxe7 23. Re1 c5 24. Qxe7 Rxe7 25. Nf5 Re8 26. Re2 h5 27. Ng3 h4 28. Bxc5 Rxe2 29. Nxe2 Nxb2 30. Kf1 Nd3 31. Bd4 Be7 32. Be3 Ne5 33. Nd4 g6 34. h3 1/2-1/2

[Event "Tashkent Kasimdzhanov Cup 2nd"]
[Site "Tashkent"]
[Date "2024.07.08"]
[Round "3"]
[White "Yakubboev, Nodirbek"]
[Black "Kasimdzhanov, Rustam"]
[Result "0-1"]
[WhiteElo "2634"]
[BlackElo "2685"]
[PlyCount "80"]
[EventDate "2024.07.08"]
[EventType "tourn (rapid)"]
[EventRounds "9"]
[EventCountry "UZB"]
[EventCategory "18"]
[SourceTitle "CBM 221 Extra"]
[Source "ChessBase"]
[SourceDate "2024.09.30"]
[SourceVersion "1"]
[SourceVersionDate "2024.09.30"]
[SourceQuality "1"]

1. e4 e5 2. Nf3 Nc6 3. Bb5 a6 4. Ba4 Bc5 5. c3 Nge7 6. 0-0 Ng6 7. d4 Ba7 8. Bg5 f6 9. Be3 0-0 10. Re1 d6 11. Nbd2 Kh8 12. Rc1 Nce7 13. Bc2 Be6 14. Nf1 c5 15. h3 b5 16. d5 Bd7 17. c4 Bb6 18. Bd2 Ba5 19. Ne3 Rb8 20. Bd3 Nf4 21. Bf1 Bxd2 22. Nxd2 b4 23. h4 Qe8 24. g3 Nh5 25. Bg2 g6 26. Nf3 f5 27. exf5 gxf5 28. Ng5 Qg6 29. Nf1 h6 30. Ne6 Bxe6 31. dxe6 Rbd8 32. Rc2 Ng7 33. Rd2 Qxe6 34. Ne3 f4 35. Ng4 h5 36. Nxe5 fxg3 37. fxg3 Qf6 38. Nf3 Nef5 39. Ng5 Nxg3 40. Re6 Nxe6 0-1

[Event "Bundesliga 2324"]
[Site "Germany"]
[Date "2024.04.27"]
[Round "14.7"]
[White "Buckels, Valentin"]
[Black "Kasimdzhanov, Rustam"]
[Result "1/2-1/2"]
[WhiteElo "2429"]
[BlackElo "2673"]
[PlyCount "102"]
[EventDate "2023.10.21"]
[EventType "team-tourn"]
[EventRounds "15"]
[EventCountry "GER"]
[SourceTitle "CBM 219 Extra"]
[Source "ChessBase"]
[SourceDate "2024.05.31"]
[SourceVersion "1"]
[SourceVersionDate "2024.05.31"]
[SourceQuality "1"]
[WhiteTeam "Muelheim Nord"]
[BlackTeam "Baden-Baden"]
[WhiteTeamCountry "GER"]
[BlackTeamCountry "GER"]

1. d4 g6 2. g3 Bg7 3. Bg2 d6 4. c4 Nf6 5. Nf3 0-0 6. Nc3 Nc6 7. d5 Na5 8. b3 c5 9. Bb2 a6 10. 0-0 Rb8 11. a4 e5 12. dxe6 Bxe6 13. Nd2 Re8 14. Rb1 Bf5 15. e4 Bg4 16. f3 Bd7 17. Rf2 Nh5 18. Nf1 Bd4 19. Nd5 Nc6 20. Nfe3 Nf6 21. Bxd4 Nxd5 22. Nxd5 Nxd4 23. Rd2 Bc6 24. Nc3 Qf6 25. b4 Ne6 26. Nd5 Qd8 27. Kh1 h5 28. f4 Nd4 29. bxc5 dxc5 30. e5 Re6 31. Nf6+ Rxf6 32. exf6 Qxf6 33. a5 Re8 34. Qf1 h4 35. Bxc6 Qxc6+ 36. Qg2 Re4 37. gxh4 Qe6 38. Rf2 Nf5 39. h5 Nh4 40. Qf1 Re3 41. hxg6 Qe4+ 42. Kg1 fxg6 43. Qd1 Kg7 44. Qd7+ Kh6 45. Rbf1 Nf3+ 46. Rxf3 Rxf3 47. Rxf3 Qxf3 48. Qd6 Qe3+ 49. Kg2 Qe2+ 50. Kg3 Qe3+ 51. Kg2 Qe2+ 1/2-1/2